|
|
|
|
| LEADER |
01680nam a2200337 a 4500 |
| 001 |
16845797 |
| 005 |
20241006143856.0 |
| 008 |
130804s2013 nyua b 001 0 eng |
| 010 |
|
|
|a 2011025116
|
| 020 |
|
|
|a 9781259071393
|
| 020 |
|
|
|a 9780073380575 (alk. paper)
|
| 020 |
|
|
|a 1259071391
|
| 040 |
|
|
|a DLC
|c DLC
|d DLC
|d BD-DhAAL
|
| 050 |
0 |
0 |
|a TK454
|b .A452 2013
|
| 082 |
0 |
0 |
|a 621.31924
|2 23
|
| 100 |
1 |
|
|a Alexander, Charles K.
|9 2510
|
| 245 |
1 |
0 |
|a Fundamentals of electric circuits /
|c Charles K. Alexander, Matthew N. O. Sadiku.
|
| 250 |
|
|
|a Fifth edition.
|
| 264 |
|
|
|a New York, NY :
|b McGraw-Hill,
|c c2013.
|
| 300 |
|
|
|a xxii, 905, [64] pages :
|b illustrations (chiefly colors) ;
|c 27 cm.
|
| 504 |
|
|
|a Includes bibliographical references and index.
|
| 541 |
|
|
|a Essence Science Publications
|e 27367, 27368
|
| 650 |
|
0 |
|a Electric circuits.
|9 448
|
| 650 |
|
0 |
|a Electrical engineering.
|
| 700 |
1 |
|
|a Sadiku, Matthew N. O.
|9 2511
|
| 852 |
|
|
|a Ayesha Abed Library
|c General Stacks
|
| 942 |
|
|
|2 ddc
|c BK
|0 2
|
| 999 |
|
|
|c 13800
|d 13800
|
| 952 |
|
|
|0 0
|1 0
|2 ddc
|4 0
|6 621_319240000000000_ALE
|7 0
|9 23083
|a BRACUL
|b BRACUL
|c GEN
|d 2013-08-04
|e Essence Science Publications
|g 4000.00
|l 30
|m 277
|o 621.31924 ALE
|p 3010027367
|r 2026-05-20
|s 2026-01-31
|t 1
|w 2013-08-04
|y BK
|
| 952 |
|
|
|0 0
|1 0
|2 ddc
|4 0
|6 621_319240000000000_ALE
|7 0
|9 23084
|a BRACUL
|b BRACUL
|c GEN
|d 2013-08-04
|e Essence Science Publications
|g 4000.00
|l 63
|m 357
|o 621.31924 ALE
|p 3010027368
|r 2026-05-20
|s 2025-10-14
|t 2
|w 2013-08-04
|y BK
|
| 952 |
|
|
|0 0
|1 0
|2 ddc
|4 0
|6 621_319240000000000_ALE
|7 0
|9 23487
|a BRACUL
|b BRACUL
|c GEN
|d 2013-09-24
|e Essence Science Publications
|g 4000.00
|l 50
|m 261
|o 621.31924 ALE
|p 3010027552
|q 2026-04-07
|r 2025-10-12
|s 2025-10-12
|t 3
|w 2013-09-24
|y BK
|